[Event "CYCC U18"]
[Site "Montreal CAN"]
[Date "2014.07.18"]
[Round "7"]
[White "Kalra, Agastya"]
[Black "Wu, Stanley"]
[Result "1-0"]
[WhiteElo "2083"]
[BlackElo "1765"]
[PlyCount "89"]
[EventDate "2014.07.15"]
[EventType "swiss"]
[EventRounds "7"]
[EventCountry "CAN"]

1. e4 c6 2. d4 d5 3. Nc3 dxe4 4. Nxe4 Bf5 5. Ng3 Bg6 6. Nf3 Nd7 7. h4 h6 8. h5
Bh7 9. Bd3 Bxd3 10. Qxd3 e6 11. Bf4 Qa5+ 12. Bd2 Bb4 13. c3 Be7 14. c4 Qc7 15.
O-O-O Ngf6 16. Rde1 O-O 17. Kb1 Rfd8 18. Qc2 Bf8 19. Ne5 Nxe5 20. dxe5 Ng4 21.
f4 Nf2 22. Rhf1 Nd3 23. Re3 Qd7 24. Ba5 b6 25. Rd1 bxa5 26. Rdxd3 Qc7 27. Ne4
Rxd3 28. Rxd3 Rd8 29. Rg3 Kh8 30. Rd3 Rxd3 31. Qxd3 Qb6 32. Kc2 Bc5 33. Qd7 Bd4
34. b3 a4 35. Qe8+ Kh7 36. Nf6+ gxf6 37. Qxf7+ Kh8 38. exf6 axb3+ 39. axb3 Bxf6
40. Qxf6+ Kh7 41. Qg6+ Kh8 42. Qxh6+ Kg8 43. Qxe6+ Kh8 44. Qe2 c5 45. Qe8+ 1-0

[Event "CYCC U18"]
[Site "Montreal CAN"]
[Date "2014.07.18"]
[Round "7"]
[White "Knox, Christopher"]
[Black "Robichaud, Nicolas"]
[Result "1/2-1/2"]
[WhiteElo "2294"]
[BlackElo "1715"]
[PlyCount "37"]
[EventDate "2014.07.15"]
[EventType "swiss"]
[EventRounds "7"]
[EventCountry "CAN"]

1. d4 Nf6 2. Nf3 g6 3. Bg5 Bg7 4. Nbd2 O-O 5. c3 d6 6. e4 Nbd7 7. Bd3 e5 8. O-O
h6 9. Bh4 g5 10. Bg3 Nh5 11. dxe5 Nxg3 12. hxg3 dxe5 13. Nc4 Nc5 14. Bc2 Qe7
15. Ne3 Rd8 16. Qe2 c6 17. b4 Na6 18. Bb3 Nc7 19. Rfd1 1/2-1/2

[Event "CYCC U18"]
[Site "Montreal CAN"]
[Date "2014.07.18"]
[Round "7"]
[White "Li, Kevin"]
[Black "Dukic, Zachary"]
[Result "1-0"]
[WhiteElo "2285"]
[BlackElo "2170"]
[PlyCount "79"]
[EventDate "2014.07.15"]
[EventType "swiss"]
[EventRounds "7"]
[EventCountry "CAN"]

1. e4 e6 2. d4 d5 3. Nd2 a6 4. Ngf3 c5 5. dxc5 Bxc5 6. Bd3 Nc6 7. a3 Nf6 8. O-O
O-O 9. b4 Be7 10. Bb2 Qc7 11. Re1 dxe4 12. Nxe4 Nxe4 13. Bxe4 Rd8 14. Qe2 Bf6
15. c4 Ne7 16. Ne5 Ng6 17. Nxg6 hxg6 18. Bxf6 gxf6 19. Rad1 f5 20. Rxd8+ Qxd8
21. Bf3 Qc7 22. Qe5 Qxe5 23. Rxe5 Rb8 24. Rc5 Kg7 25. Rc7 b6 26. h4 Kf6 27. h5
e5 28. Bd5 gxh5 29. Rxf7+ Kg6 30. Rf8 Kg7 31. Re8 Kf6 32. Be6 Bxe6 33. Rxb8
Bxc4 34. Rxb6+ Kg5 35. a4 f4 36. a5 h4 37. b5 h3 38. bxa6 hxg2 39. a7 Bd5 40.
Rb5 1-0

[Event "CYCC U18"]
[Site "Montreal CAN"]
[Date "2014.07.18"]
[Round "7"]
[White "Nyamdorj, Davaa-Ochir"]
[Black "Faraji, Jafar"]
[Result "0-1"]
[WhiteElo "2098"]
[BlackElo "1760"]
[PlyCount "98"]
[EventDate "2014.07.15"]
[EventType "swiss"]
[EventRounds "7"]
[EventCountry "CAN"]

1. e4 c6 2. d4 d5 3. e5 Bf5 4. Nf3 e6 5. Be2 Nd7 6. O-O c5 7. c3 Ne7 8. Nh4 Bg6
9. Nd2 cxd4 10. cxd4 Nc6 11. Nxg6 hxg6 12. Nf3 Qb6 13. a3 Be7 14. b4 a6 15. Qd3
O-O 16. Rd1 Rfc8 17. h4 Qd8 18. g3 b5 19. Bg5 Ra7 20. Kg2 Rac7 21. Rh1 Ncb8 22.
Qe3 Rc3 23. Bd3 Nf8 24. Bxe7 Qxe7 25. Rac1 Nbd7 26. Qd2 Rxc1 27. Rxc1 Rxc1 28.
Qxc1 Qd8 29. Qf4 Nb6 30. g4 Nc4 31. Qc1 a5 32. h5 gxh5 33. gxh5 a4 34. Kg3 f5
35. Ng5 Nxa3 36. f4 Nc4 37. Qh1 Qe7 38. Bxf5 Nb6 39. Bg4 Qxb4 40. Nxe6 Nxe6 41.
Bxe6+ Kh8 42. h6 g6 43. Qh4 Qe1+ 44. Kg4 Qxh4+ 45. Kxh4 a3 46. Kg5 a2 47. Kxg6
a1=Q 48. f5 Qg1+ 49. Kf6 Qxd4 0-1

[Event "CYCC U18"]
[Site "Montreal CAN"]
[Date "2014.07.18"]
[Round "7"]
[White "Poon, Adrian"]
[Black "D'Souza, Justin"]
[Result "0-1"]
[WhiteElo "1104"]
[BlackElo "1535"]
[PlyCount "55"]
[EventDate "2014.07.15"]
[EventType "swiss"]
[EventRounds "7"]
[EventCountry "CAN"]

1. g4 d5 2. Bg2 Bxg4 3. c4 c6 4. Qb3 Qb6 5. Nc3 e6 6. cxd5 Qxb3 7. axb3 exd5 8.
Ra4 Be6 9. e4 dxe4 10. Rxe4 Nf6 11. Re2 Bd6 12. Ne4 Nxe4 13. Bxe4 O-O 14. Re3
Nd7 15. Nf3 Nf6 16. Ng5 Bd7 17. O-O Bf4 18. Nxh7 Nxh7 19. Rd3 Be6 20. Rd4 Nf6
21. Bh7+ Kxh7 22. Rxf4 Bxb3 23. Rb4 Bd5 24. Rxb7 Rfe8 25. d3 a5 26. b4 c5 27.
Rb5 cxb4 28. d4 0-1

[Event "Campbellville U1900"]
[Site "Campbellville CAN"]
[Date "2014.11.29"]
[Round "1"]
[White "Supsup, Ferdinand"]
[Black "Kaneshalingam, Mathanhe"]
[Result "1-0"]
[WhiteElo "1855"]
[BlackElo "1650"]
[PlyCount "88"]
[EventDate "2014.11.29"]
[EventType "swiss"]
[EventRounds "5"]
[EventCountry "CAN"]

1. Nf3 d5 2. c4 c6 3. d4 Nf6 4. Bf4 e6 5. e3 Nbd7 6. Qb3 Be7 7. h3 O-O 8. Nbd2
b6 9. Rc1 c5 10. Bd3 Bb7 11. Bh2 Rc8 12. O-O h6 13. Bb1 dxc4 14. Qxc4 cxd4 15.
Qxd4 Bc5 16. Qa4 a5 17. Rfd1 Bc6 18. Qb3 Bd5 19. Qd3 Bc6 20. Nd4 e5 21. Nxc6
Rxc6 22. Ne4 Qe7 23. Bg3 Rfc8 24. Bh4 g5 25. Bg3 Nxe4 26. Qxe4 Nf6 27. Qf5 Re8
28. Bc2 Qe6 29. Qd3 Rd6 30. Qb5 Red8 31. Rf1 Rd2 32. a3 Nh5 33. Bh2 g4 34. b4
axb4 35. axb4 Bxe3 36. fxe3 g3 37. Bf5 Qd6 38. Be4 Qe6 39. Rc6 gxh2+ 40. Kxh2
Qa2 41. Rxh6 Ng7 42. Qxe5 f5 43. Rg6 R2d7 44. Bxf5 Rf7 1-0

[Event "Campbellville U1900"]
[Site "Campbellville CAN"]
[Date "2014.11.29"]
[Round "2"]
[White "Moran-Venegas, Mario"]
[Black "Supsup, Ferdinand"]
[Result "0-1"]
[WhiteElo "1732"]
[BlackElo "1855"]
[PlyCount "112"]
[EventDate "2014.11.29"]
[EventType "swiss"]
[EventRounds "5"]
[EventCountry "CAN"]

1. e4 d6 2. c4 g6 3. d4 Bg7 4. Be3 Nf6 5. f3 Na6 6. Nc3 O-O 7. Qd2 e5 8. Nge2
Qe7 9. Bh6 Re8 10. Bxg7 Kxg7 11. d5 Nh5 12. O-O-O f5 13. Ng3 Nf4 14. h4 h6 15.
Nge2 Nh5 16. Qe1 Nc5 17. Ng3 Nf4 18. b4 Na6 19. Nce2 fxe4 20. Nxf4 exf4 21.
Nxe4 Qe5 22. Qc3 Qxc3+ 23. Nxc3 Nxb4 24. a3 Na6 25. Rd4 Rf8 26. h5 g5 27. Bd3
Nc5 28. Bc2 Bf5 29. Re1 Rae8 30. Rxe8 Rxe8 31. Ne4 Nxe4 32. Bxe4 Kf6 33. Kd2 g4
34. Bd3 Re3 35. Bxf5 Kxf5 36. c5 Rxa3 37. cxd6 cxd6 38. Ke2 b5 39. fxg4+ Kxg4
40. Rd2 Kxh5 41. Rc2 Re3+ 42. Kf2 Rd3 43. Ra2 Rxd5 44. Rxa7 b4 45. Rb7 Rd4 46.
Kf3 d5 47. g4+ fxg3 48. Kxg3 Kg6 49. Rb6+ Kg5 50. Rb8 Rd3+ 51. Kg2 b3 52. Rg8+
Kf5 53. Rf8+ Ke4 54. Kf1 b2 55. Rb8 Rd2 56. Ke1 Rh2 0-1

[Event "Campbellville U1900"]
[Site "Campbellville CAN"]
[Date "2014.11.29"]
[Round "3"]
[White "Supsup, Ferdinand"]
[Black "Gashgarian, Robert"]
[Result "1-0"]
[WhiteElo "1855"]
[BlackElo "1762"]
[PlyCount "95"]
[EventDate "2014.11.29"]
[EventType "swiss"]
[EventRounds "5"]
[EventCountry "CAN"]

1. Nf3 Nf6 2. c4 c5 3. g3 Nc6 4. Bg2 d5 5. O-O e5 6. cxd5 Nxd5 7. d3 Be7 8. Na3
O-O 9. Nc4 f6 10. a4 b6 11. Qb3 Be6 12. Bd2 Rb8 13. Qb5 Qd7 14. Qb3 a6 15. Qc2
Rfc8 16. Rfc1 Nd4 17. Qd1 b5 18. axb5 axb5 19. Na5 Bd8 20. Nxd4 cxd4 21. Nb3
Be7 22. Ra6 Nb6 23. Na5 Na4 24. Nc6 Rb6 25. Ra7 Rbxc6 26. Rxd7 Rxc1 27. Bxc1
Bxd7 28. Qb3+ Kf8 29. Bd2 Nc5 30. Qd1 Be6 31. f4 Nb3 32. fxe5 Ke8 33. exf6 gxf6
34. Bf3 Rc7 35. Kf2 Kd7 36. Bf4 Bd6 37. Bh6 Ra7 38. Qh1 Bh3 39. Bc6+ Kc8 40.
Bxb5 Ra1 41. Qc6+ Bc7 42. Ba6+ Kd8 43. Qxf6+ Kd7 44. Qf7+ Kc6 45. Qc4+ Kd7 46.
Qd5+ Bd6 47. Qb7+ Bc7 48. Bb5+ 1-0

[Event "Campbellville U1900"]
[Site "Campbellville CAN"]
[Date "2014.11.30"]
[Round "4"]
[White "Martin, Carl"]
[Black "Supsup, Ferdinand"]
[Result "0-1"]
[WhiteElo "1888"]
[BlackElo "1855"]
[PlyCount "88"]
[EventDate "2014.11.29"]
[EventType "swiss"]
[EventRounds "5"]
[EventCountry "CAN"]

1. e4 d5 2. exd5 Qxd5 3. Nc3 Qd6 4. Nf3 Nf6 5. Bc4 Bg4 6. h3 Bh5 7. g4 Bg6 8.
d3 a6 9. Qe2 Nc6 10. Bg5 h5 11. Bxf6 gxf6 12. O-O-O Bh6+ 13. Kb1 O-O-O 14. Bd5
e6 15. Be4 hxg4 16. hxg4 f5 17. gxf5 exf5 18. Bxc6 Qxc6 19. Ne5 Qf6 20. Nxg6
fxg6 21. Rde1 Bg7 22. Rhg1 Rd6 23. Qe7 Rg8 24. Qxf6 Bxf6 25. Nd1 Kd7 26. Rh1
Re6 27. Rh7+ Rg7 28. Rxe6 Kxe6 29. Rxg7 Bxg7 30. c3 Ke5 31. Kc2 Bh6 32. Ne3 Kf4
33. Ng2+ Kf3 34. Nh4+ Kxf2 35. Nxg6 Ke2 36. d4 f4 37. Ne5 f3 38. Ng4 f2 39.
Nxf2 Kxf2 40. Kd3 Kf3 41. a4 Bf8 42. b4 b6 43. b5 a5 44. Kc4 Ke4 0-1

[Event "Campbellville U1900"]
[Site "Campbellville CAN"]
[Date "2014.11.30"]
[Round "5"]
[White "Supsup, Ferdinand"]
[Black "Guo, Thomas"]
[Result "1-0"]
[WhiteElo "1855"]
[BlackElo "1747"]
[PlyCount "89"]
[EventDate "2014.11.29"]
[EventType "swiss"]
[EventRounds "5"]
[EventCountry "CAN"]

1. Nf3 e6 2. c4 Nf6 3. g3 d5 4. Bg2 Be7 5. O-O O-O 6. b3 c6 7. Bb2 Qb6 8. d3
Rd8 9. Qc2 Bd7 10. e4 c5 11. exd5 exd5 12. d4 dxc4 13. dxc5 Bxc5 14. Ng5 cxb3
15. axb3 Bb5 16. Rc1 Bd4 17. Bxd4 Qxd4 18. Na3 Bc6 19. Rd1 Qb6 20. Nc4 Qc7 21.
Rxd8+ Qxd8 22. Rd1 Qe7 23. Nd6 Bxg2 24. Kxg2 Nc6 25. Ngxf7 Rf8 26. Ng5 Rd8 27.
Qc4+ Kf8 28. Re1 Qd7 29. Ne6+ Ke7 30. Nc5+ Kxd6 31. Nxd7 Rxd7 32. Rd1+ Kc7 33.
Qf4+ Kd8 34. Rc1 Rd4 35. Qg5 Rg4 36. Qc5 Rb4 37. Qd6+ Ke8 38. Rxc6 bxc6 39.
Qxb4 Nd5 40. Qb8+ Kd7 41. Qxa7+ Kd6 42. Qxg7 Kc5 43. Qxh7 Kb4 44. Qc2 c5 45.
Qc4+ 1-0

[Event "Capablanca"]
[Site "Charlesbourg CAN"]
[Date "2014.01.06"]
[Round "1"]
[White "Tremblay-Alix, Eric"]
[Black "Beaudoin, Stephane"]
[Result "0-1"]
[WhiteElo "1789"]
[BlackElo "2020"]
[PlyCount "48"]
[EventDate "2014.01.06"]
[EventType "swiss"]
[EventRounds "5"]
[EventCountry "CAN"]

1. f4 g6 2. e4 Bg7 3. Nf3 d6 4. Bc4 Nf6 5. Nc3 O-O 6. e5 dxe5 7. fxe5 Ng4 8. d4
c5 9. h3 Nh6 10. d5 Nd7 11. Qe2 Nb6 12. Bb3 Nf5 13. Bf4 Nd4 14. Nxd4 cxd4 15.
Nb5 Nxd5 16. Bxd5 Qxd5 17. O-O Qc5 18. Kh1 Bf5 19. Na3 Rad8 20. Rad1 Rd5 21.
Rfe1 Rfd8 22. Rd2 b5 23. Kh2 b4 24. Nc4 d3 0-1

[Event "Capablanca"]
[Site "Charlesbourg CAN"]
[Date "2014.01.13"]
[Round "2"]
[White "Beaudoin, Stephane"]
[Black "Bahadi, Khalid"]
[Result "0-1"]
[WhiteElo "2020"]
[BlackElo "2011"]
[PlyCount "110"]
[EventDate "2014.01.06"]
[EventType "swiss"]
[EventRounds "5"]
[EventCountry "CAN"]

1. e4 e5 2. Bc4 Nf6 3. d3 Bc5 4. Nf3 d6 5. O-O Bg4 6. h3 Bh5 7. c3 Nc6 8. Nbd2
a6 9. Re1 h6 10. Nf1 g5 11. Ng3 Bg6 12. d4 exd4 13. e5 dxe5 14. Nxe5 Nxe5 15.
Rxe5+ Be7 16. Qf3 Qd6 17. cxd4 O-O-O 18. Be3 Nd7 19. Nf5 Bxf5 20. Rxf5 f6 21.
Rc1 Kb8 22. b4 Qxb4 23. Bd3 Nb6 24. Be4 Rd6 25. Bxb7 Nc4 26. Be4 Nxe3 27. fxe3
Rb6 28. Rd5 Bd6 29. a4 Qa3 30. Re1 Qc3 31. Rd1 Rb3 32. Bd3 Rf8 33. Bxa6 f5 34.
Rb5+ Rxb5 35. axb5 c6 36. bxc6 Kc7 37. Rb1 Bb4 38. d5 Bc5 39. Rb7+ Kd6 40. Rd7+
Ke5 41. Kh2 Kf6 42. Qh5 Qe5+ 43. g3 Qb2+ 44. Be2 Ke5 45. c7 g4 46. Qxh6 Qxe2+
47. Kh1 Qf1+ 48. Kh2 Qf2+ 49. Kh1 Ke4 50. hxg4 Ra8 51. Qe6+ Kf3 52. Qxf5+ Kxe3
53. Qxf2+ Kxf2 54. Rd8 Ra7 55. Rd7 Kxg3 0-1

[Event "Capablanca"]
[Site "Charlesbourg CAN"]
[Date "2014.01.13"]
[Round "2"]
[White "Laflamme, Simon"]
[Black "Tremblay, Rejean"]
[Result "0-1"]
[WhiteElo "1910"]
[BlackElo "2211"]
[PlyCount "108"]
[EventDate "2014.01.06"]
[EventType "swiss"]
[EventRounds "5"]
[EventCountry "CAN"]

1. e4 c5 2. Nf3 d6 3. Bb5+ Nd7 4. d4 cxd4 5. Qxd4 e5 6. Qd3 a6 7. Bxd7+ Bxd7 8.
O-O h6 9. c4 Nf6 10. Nc3 Be7 11. Rd1 O-O 12. c5 dxc5 13. Nxe5 Be6 14. Bf4 Qxd3
15. Rxd3 c4 16. Rd2 Bb4 17. f3 Bc5+ 18. Kf1 Nh5 19. Nd5 f5 20. Ng6 Rfd8 21. Bc7
Re8 22. Bb6 Rac8 23. Bxc5 Rxc5 24. Nge7+ Kf8 25. exf5 Bf7 26. g4 Nf6 27. Nxf6
gxf6 28. Ng6+ Bxg6 29. fxg6 Re3 30. Kf2 Rd3 31. Rad1 Rxd2+ 32. Rxd2 Ra5 33. f4
Rxa2 34. Rd8+ Kg7 35. Rd7+ Kxg6 36. f5+ Kg5 37. Kg3 h5 38. h4+ Kh6 39. Rxb7
hxg4 40. Rb4 a5 41. Rxc4 Rxb2 42. Rxg4 Rb3+ 43. Kf2 Kh5 44. Re4 Rb5 45. Rf4 Rb4
46. Rf3 Kxh4 47. Ra3 a4 48. Rd3 Kg4 49. Rd5 a3 50. Ra5 Rb3 51. Ke2 Rb2+ 52. Kd3
a2 53. Kc3 Rf2 54. Kb3 Kf4 0-1

[Event "Capablanca"]
[Site "Charlesbourg CAN"]
[Date "2014.01.13"]
[Round "2"]
[White "Pouliot, Lewis"]
[Black "Tremblay-Alix, Eric"]
[Result "0-1"]
[WhiteElo "1494"]
[BlackElo "1789"]
[PlyCount "78"]
[EventDate "2014.01.06"]
[EventType "swiss"]
[EventRounds "5"]
[EventCountry "CAN"]

1. d4 e6 2. c4 Nf6 3. Nc3 Bb4 4. Qc2 Nc6 5. e3 d5 6. a3 Bxc3+ 7. bxc3 b6 8. Bd3
Na5 9. cxd5 exd5 10. Nf3 O-O 11. O-O Re8 12. Nd2 c5 13. c4 cxd4 14. e4 Ba6 15.
exd5 Rc8 16. Qb2 Nxc4 17. Nxc4 Bxc4 18. Qxd4 Qxd5 19. Qxd5 Nxd5 20. Bxc4 Rxc4
21. Bg5 h6 22. Bd2 Rc2 23. Rfd1 Re2 24. Be1 Nf6 25. h3 Ne4 26. Rac1 Ra2 27. Ra1
Rab2 28. Rab1 Rxb1 29. Rxb1 Ra2 30. f3 Nc5 31. Bb4 a5 32. Bxc5 bxc5 33. Rb5
Rxa3 34. Rxc5 Ra2 35. Rc1 a4 36. Kh2 a3 37. h4 Kh7 38. Kh3 Kg6 39. Kg4 Rxg2+
0-1

[Event "Capablanca"]
[Site "Charlesbourg CAN"]
[Date "2014.01.20"]
[Round "3"]
[White "Lapierre, Gaetan"]
[Black "Lessard, Claude"]
[Result "0-1"]
[WhiteElo "1973"]
[BlackElo "2053"]
[PlyCount "54"]
[EventDate "2014.01.06"]
[EventType "swiss"]
[EventRounds "5"]
[EventCountry "CAN"]

1. e4 g6 2. d4 Bg7 3. f4 d6 4. Nf3 Nf6 5. Nc3 O-O 6. Be2 c5 7. O-O cxd4 8. Nxd4
Nbd7 9. Bf3 a6 10. Be3 Rb8 11. Qd2 Qc7 12. Nd5 Nxd5 13. exd5 Nf6 14. h3 Bd7 15.
c4 Rbe8 16. Rac1 Kh8 17. g4 e6 18. dxe6 fxe6 19. Bg2 e5 20. fxe5 dxe5 21. Ne2
Bc6 22. Ng3 Bxg2 23. Qxg2 Rd8 24. g5 Ng8 25. Rxf8 Rxf8 26. Ne4 Ne7 27. Bc5 Rf4
0-1

[Event "Capablanca"]
[Site "Charlesbourg CAN"]
[Date "2014.01.20"]
[Round "3"]
[White "Tremblay, Rejean"]
[Black "Bahadi, Khalid"]
[Result "1-0"]
[WhiteElo "2211"]
[BlackElo "2011"]
[PlyCount "47"]
[EventDate "2014.01.06"]
[EventType "swiss"]
[EventRounds "5"]
[EventCountry "CAN"]

1. d4 d5 2. c4 c6 3. Nf3 Nf6 4. Nc3 e6 5. Bg5 dxc4 6. e4 b5 7. e5 h6 8. Bh4 g5
9. Nxg5 Nd5 10. Nxf7 Qxh4 11. Nxh8 Nxc3 12. bxc3 Bg7 13. Ng6 Qe4+ 14. Be2 Kd8
15. Qb1 Qxg2 16. Rf1 Kc7 17. h4 Bd7 18. h5 c5 19. dxc5 Nc6 20. Qxb5 Nxe5 21.
Qa5+ Kc8 22. Ne7+ Kb8 23. Rb1+ Bb5 24. Rxb5+ 1-0

[Event "Capablanca"]
[Site "Charlesbourg CAN"]
[Date "2014.01.20"]
[Round "3"]
[White "Tremblay-Alix, Eric"]
[Black "Laflamme, Simon"]
[Result "0-1"]
[WhiteElo "1789"]
[BlackElo "1928"]
[PlyCount "74"]
[EventDate "2014.01.06"]
[EventType "swiss"]
[EventRounds "5"]
[EventCountry "CAN"]

1. c4 Nf6 2. d4 e6 3. Nf3 b6 4. Bg5 Bb7 5. Nbd2 c5 6. e3 Be7 7. Bd3 h6 8. Bxf6
Bxf6 9. O-O d6 10. Ne4 Be7 11. Qc2 Nd7 12. Rad1 Qc7 13. Be2 O-O 14. Nc3 Rad8
15. d5 e5 16. Bd3 Bc8 17. Nd2 Nf6 18. f4 exf4 19. exf4 Ng4 20. Rde1 Bf6 21. Nb5
Bd4+ 22. Kh1 Qd7 23. Nxd4 cxd4 24. Rf3 Ne3 25. Rexe3 dxe3 26. Nf1 Rfe8 27. Nxe3
Qe7 28. Qf2 Qf6 29. g4 Qd4 30. Nf5 Qxf2 31. Rxf2 g6 32. Nxh6+ Kg7 33. g5 Bh3
34. Kg1 Re1+ 35. Bf1 Rde8 36. Rf3 R8e3 37. Rxe3 Rxf1# 0-1

[Event "Capablanca"]
[Site "Charlesbourg CAN"]
[Date "2014.01.27"]
[Round "4"]
[White "Cote, Jocelyn"]
[Black "Beaudoin, Stephane"]
[Result "0-1"]
[WhiteElo "1733"]
[BlackElo "2020"]
[PlyCount "100"]
[EventDate "2014.01.06"]
[EventType "swiss"]
[EventRounds "5"]
[EventCountry "CAN"]

1. e4 g6 2. d4 Bg7 3. Nf3 d6 4. Be2 e6 5. Be3 Ne7 6. Qd2 O-O 7. Bh6 f5 8. e5
Nbc6 9. Bxg7 Kxg7 10. c4 dxe5 11. dxe5 f4 12. g4 fxg3 13. hxg3 Qxd2+ 14. Nbxd2
Nf5 15. Nb3 a5 16. a4 Rd8 17. Rd1 Rxd1+ 18. Bxd1 b6 19. g4 Nfe7 20. Rh3 Bd7 21.
Nbd4 Nxd4 22. Nxd4 Rf8 23. Rd3 Rf7 24. b3 h6 25. Bf3 g5 26. Be4 c5 27. Nb5 Bc6
28. Bxc6 Nxc6 29. Rd6 Nxe5 30. Rxe6 Nd3+ 31. Kd2 Nxf2 32. Rxb6 Nxg4 33. Nd6 Rf4
34. Nb7 Rf5 35. Nxa5 h5 36. Nc6 h4 37. Ne7 Rf6 38. Rb7 h3 39. Nf5+ Kg6 40. Ng3
h2 41. a5 Nf2 42. Rb6 Ne4+ 43. Nxe4 Rxb6 44. axb6 h1=Q 45. b7 Qg2+ 46. Kc1 Qf1+
47. Kd2 Qf4+ 48. Kd1 g4 49. Nxc5 g3 50. Nd7 Qf3+ 0-1

[Event "Capablanca"]
[Site "Charlesbourg CAN"]
[Date "2014.01.27"]
[Round "4"]
[White "Dube, Daniel"]
[Black "Tremblay, Rejean"]
[Result "0-1"]
[WhiteElo "1709"]
[BlackElo "2211"]
[PlyCount "63"]
[EventDate "2014.01.06"]
[EventType "swiss"]
[EventRounds "5"]
[EventCountry "CAN"]

1. d4 Nf6 2. Bg5 e6 3. e3 d5 4. Nd2 c5 5. c3 Nc6 6. Ngf3 Be7 7. Bd3 Qb6 8. Qb3
O-O 9. Qxb6 axb6 10. Ne5 c4 11. Bc2 b5 12. Nxc6 bxc6 13. e4 h6 14. Bh4 g5 15.
Bg3 c5 16. e5 Nh5 17. Bd1 Nxg3 18. hxg3 Kg7 19. dxc5 Bxc5 20. b3 cxb3 21. Nxb3
Bb6 22. Be2 Bd7 23. O-O Ra4 24. Rfb1 f6 25. exf6+ Rxf6 26. Nd4 e5 27. Nf3 g4
28. Nxe5 Bxf2+ 29. Kh1 Re4 30. Rf1 Rxe5 31. Rxf2 Rxf2 32. Bd3 0-1

[Event "Capablanca"]
[Site "Charlesbourg CAN"]
[Date "2014.02.03"]
[Round "5"]
[White "Beaudoin, Stephane"]
[Black "Dube, Daniel"]
[Result "1-0"]
[WhiteElo "2020"]
[BlackElo "1709"]
[PlyCount "39"]
[EventDate "2014.01.06"]
[EventType "swiss"]
[EventRounds "5"]
[EventCountry "CAN"]

1. e4 e5 2. f4 Nc6 3. Nf3 f5 4. Bb5 fxe4 5. Bxc6 dxc6 6. Nxe5 Nf6 7. O-O Bc5+
8. Kh1 O-O 9. Nc3 Be6 10. Qe1 Bd5 11. b3 Qe7 12. Bb2 Bd4 13. Nxd5 cxd5 14. Bxd4
c5 15. Bb2 Nh5 16. d3 Nxf4 17. dxe4 dxe4 18. Qxe4 Qg5 19. Bc1 Rae8 20. Bxf4 1-0

[Event "Capablanca"]
[Site "Charlesbourg CAN"]
[Date "2014.02.03"]
[Round "5"]
[White "Tremblay-Alix, Eric"]
[Black "Lamontagne, Danny"]
[Result "1-0"]
[WhiteElo "1789"]
[BlackElo "1967"]
[PlyCount "141"]
[EventDate "2014.01.06"]
[EventType "swiss"]
[EventRounds "5"]
[EventCountry "CAN"]

1. c4 e5 2. Nc3 Nf6 3. Nf3 Nc6 4. g3 Bb4 5. Nd5 Ba5 6. Bg2 d6 7. b4 Bxb4 8.
Nxb4 Nxb4 9. Qb3 Nc6 10. d3 h6 11. Bb2 O-O 12. Nd2 Bd7 13. Rb1 a5 14. O-O a4
15. Qa3 Qc8 16. Rfe1 Bh3 17. Bh1 Bd7 18. c5 d5 19. e3 Re8 20. f4 Rb8 21. Qxa4
Ra8 22. Qb3 d4 23. fxe5 dxe3 24. Rxe3 Be6 25. Nc4 Nd5 26. Ree1 Ncb4 27. a3 Nc6
28. Qc2 Qd7 29. Qf2 Rad8 30. Be4 Nce7 31. Rf1 Rf8 32. Ba1 Rb8 33. Qd4 Rfd8 34.
Rf2 Qa4 35. Rbf1 Nf4 36. Bh7+ Kxh7 37. Qxf4 Qc6 38. Qe3 Kg8 39. Nd2 Bh3 40. Re1
Qg6 41. d4 Ra8 42. Nf3 Nd5 43. Qc1 Qa6 44. Bb2 Qg6 45. Nh4 Qe6 46. Ng2 Rd7 47.
Nf4 Nxf4 48. Qxf4 g5 49. Qf6 Ra6 50. Qxe6 Bxe6 51. Rf6 Kg7 52. h4 g4 53. Re4 h5
54. Bc1 Bc4 55. Rxa6 Bxa6 56. Kf2 Bd3 57. Rf4 Bg6 58. Ke3 Re7 59. Kd2 Re6 60.
Kc3 Kf8 61. Rf6 Ke7 62. Bg5 Kd7 63. Rf2 Ra6 64. Kb4 c6 65. Rf6 Ra8 66. Rd6+ Ke8
67. Bf6 Bf5 68. Bg5 Be6 69. a4 Bf5 70. Rh6 Bg6 71. Rh8+ 1-0

[Event "Capablance"]
[Site "Charlesbourg CAN"]
[Date "2014.01.13"]
[Round "2"]
[White "Fecteau, Martin"]
[Black "Garneau, Benoit"]
[Result "0-1"]
[WhiteElo "1976"]
[BlackElo "1978"]
[PlyCount "72"]
[EventDate "2014.01.06"]
[EventType "swiss"]
[EventRounds "5"]
[EventCountry "CAN"]

1. d4 Nf6 2. Nf3 g6 3. c4 Bg7 4. g3 O-O 5. Bg2 d5 6. O-O dxc4 7. Qa4 Bd7 8.
Qxc4 Bc6 9. Nc3 Nbd7 10. Qb3 e6 11. Re1 Ne4 12. Be3 Qe7 13. Red1 Nxc3 14. bxc3
Nb6 15. a4 Bd5 16. Qc2 Nc4 17. Bf4 Na3 18. Qb2 Nc4 19. Qc1 Na5 20. Nd2 Bxg2 21.
Kxg2 e5 22. Be3 exd4 23. cxd4 c5 24. dxc5 Bxa1 25. Qxa1 Rfd8 26. Qc3 Nc6 27.
Bh6 f6 28. Re1 Qe5 29. Qc1 g5 30. Nf3 Qd5 31. e4 Qf7 32. h4 g4 33. Nh2 Ne5 34.
Qf4 Qe6 35. Rb1 Rab8 36. f3 Qa2+ 0-1

[Event "Capablance"]
[Site "Charlesbourg CAN"]
[Date "2014.01.27"]
[Round "4"]
[White "Laflamme, Simon"]
[Black "Garneau, Benoit"]
[Result "1-0"]
[WhiteElo "1928"]
[BlackElo "1978"]
[PlyCount "42"]
[EventDate "2014.01.06"]
[EventType "swiss"]
[EventRounds "5"]
[EventCountry "CAN"]

1. e4 c6 2. d4 d5 3. exd5 cxd5 4. Bd3 Nc6 5. c3 Qc7 6. Qf3 Nxd4 7. Qxd5 e5 8.
Nf3 Ne7 9. Bb5+ Nxb5 10. Qxb5+ Nc6 11. O-O Bg4 12. Nbd2 Be7 13. Nxe5 Qxe5 14.
Qxb7 Rc8 15. Nc4 Qc7 16. Qxc7 Rxc7 17. Bf4 Rd7 18. b4 Be2 19. b5 Bxf1 20. bxc6
Bxc4 21. cxd7+ Kxd7 1-0

[Event "Carnaval"]
[Site "Quebec CAN"]
[Date "2014.01.25"]
[Round "2"]
[White "Chabot, Roland"]
[Black "Bolduc, Steve"]
[Result "1-0"]
[WhiteElo "2173"]
[BlackElo "2174"]
[PlyCount "102"]
[EventDate "2014.01.24"]
[EventType "swiss"]
[EventRounds "5"]
[EventCountry "CAN"]
[TimeControl "900+10"]

1. d4 Nf6 2. c4 g6 3. Nc3 Bg7 4. e4 d6 5. Be2 O-O 6. Bg5 h6 7. Be3 e5 8. d5 c6
9. Qd2 cxd5 10. cxd5 Kh7 11. h4 Na6 12. h5 g5 13. f3 g4 14. Bd3 Ng8 15. Nge2
Ne7 16. O-O-O Nc5 17. Bxc5 dxc5 18. Rdf1 a6 19. fxg4 Bxg4 20. Ng3 Ng8 21. Be2
Bc8 22. Kb1 Bf6 23. Qe3 b6 24. Nd1 Bg5 25. Qf3 b5 26. Ne3 Nf6 27. Ngf5 Ra7 28.
Rd1 c4 29. Rhf1 Rc7 30. d6 Rd7 31. Nd5 Bb7 32. Nxf6+ Qxf6 33. g3 Rc8 34. Rc1
Bxc1 35. Rxc1 Rg8 36. g4 Rg5 37. Rd1 Rxf5 38. Qxf5+ Qxf5 39. exf5 Kg7 40. Kc2
Kf6 41. Kc3 e4 42. Kb4 Ke5 43. Kc5 Kf4 44. a4 bxa4 45. Bxc4 Kxg4 46. Be6 Rd8
47. d7 e3 48. Kd6 fxe6 49. fxe6 Bc8 50. Kc7 Bxd7 51. exd7 e2 1-0

[Event "Carnaval"]
[Site "Quebec CAN"]
[Date "2014.01.25"]
[Round "3"]
[White "Hamilton, Robert"]
[Black "Hebert, Jean"]
[Result "0-1"]
[WhiteElo "2261"]
[BlackElo "2430"]
[PlyCount "78"]
[EventDate "2014.01.24"]
[EventType "swiss"]
[EventRounds "5"]
[EventCountry "CAN"]
[TimeControl "900+10"]

1. d4 Nf6 2. c4 e6 3. Nf3 b6 4. g3 Ba6 5. Nbd2 c5 6. Bg2 Bb7 7. O-O cxd4 8. Nb3
Qc7 9. Nbxd4 a6 10. b3 Be7 11. Bb2 d6 12. Rc1 Nbd7 13. Nd2 Bxg2 14. Kxg2 Qb7+
15. Kg1 Rc8 16. Re1 h5 17. N4f3 O-O 18. e4 e5 19. Qe2 Nc5 20. Ba3 Ne6 21. Nb1
b5 22. cxb5 Rxc1 23. Rxc1 axb5 24. Bb4 Nxe4 25. Nxe5 Nd4 26. Qd3 dxe5 27. Bxe7
Re8 28. f3 Ng5 29. Bxg5 Nxf3+ 30. Kf2 Nxg5 31. Qf5 Qa7+ 32. Kf1 Ne6 33. Qxe5
Qxa2 34. Qxb5 Rd8 35. Qxh5 Qxb3 36. Qe2 Nd4 37. Qf2 Qd3+ 38. Kg2 Qe4+ 39. Kh3
Ne6 0-1